<?xml version="1.0" encoding="UTF-8"?>
<record
    xmlns:xsi="http://www.w3.org/2001/XMLSchema-instance"
    xsi:schemaLocation="http://www.loc.gov/MARC21/slim http://www.loc.gov/standards/marcxml/schema/MARC21slim.xsd"
    xmlns="http://www.loc.gov/MARC21/slim">

  <leader>00814nam a22001817a 4500</leader>
  <controlfield tag="008">160518b        xxu||||| |||| 00| 0 eng d</controlfield>
  <datafield tag="020" ind1=" " ind2=" ">
    <subfield code="a">9977966060</subfield>
  </datafield>
  <datafield tag="020" ind1=" " ind2=" ">
    <subfield code="a">9789977966069</subfield>
  </datafield>
  <datafield tag="082" ind1=" " ind2=" ">
    <subfield code="a">759.972.86</subfield>
    <subfield code="b">H565co</subfield>
  </datafield>
  <datafield tag="100" ind1=" " ind2=" ">
    <subfield code="a">Fabio Herrera; Ulrich Pegels</subfield>
    <subfield code="9">4975</subfield>
  </datafield>
  <datafield tag="245" ind1=" " ind2=" ">
    <subfield code="a">Fabio Herrera : cosecha</subfield>
    <subfield code="b">pinturas realizadas en sus estudios de Tib&#xE1;s, Encinales y Puntarenas en los a&#xF1;os 1998 y 1999</subfield>
    <subfield code="c">Fabio Herrera; Ulrich Pegels</subfield>
  </datafield>
  <datafield tag="260" ind1=" " ind2=" ">
    <subfield code="a">San Jos&#xE9;, C.R</subfield>
    <subfield code="b">Litograf&#xED;a e Impr. Imperial [S.l.] Ed. de la Colecci&#xF3;n Pegels-Rojas de Arte Contemporaneo Costarricense</subfield>
    <subfield code="c">2000</subfield>
  </datafield>
  <datafield tag="300" ind1=" " ind2=" ">
    <subfield code="a">32 pag</subfield>
    <subfield code="b">ill. col.</subfield>
    <subfield code="c">28 cm</subfield>
  </datafield>
  <datafield tag="600" ind1=" " ind2=" ">
    <subfield code="a">Fabio Herrera Martinez  1954-</subfield>
    <subfield code="v"> Catalogo de exhibici&#xF3;n</subfield>
    <subfield code="9">4970</subfield>
  </datafield>
  <datafield tag="650" ind1=" " ind2=" ">
    <subfield code="a">Pintura Costarricense </subfield>
    <subfield code="v">Arte costarricense </subfield>
    <subfield code="9">4976</subfield>
  </datafield>
  <datafield tag="700" ind1=" " ind2=" ">
    <subfield code="a">Fabio Herrera</subfield>
    <subfield code="9">4940</subfield>
  </datafield>
  <datafield tag="700" ind1=" " ind2=" ">
    <subfield code="a">Ulrich Pegels</subfield>
    <subfield code="9">4956</subfield>
  </datafield>
  <datafield tag="999" ind1=" " ind2=" ">
    <subfield code="c">906</subfield>
    <subfield code="d">906</subfield>
  </datafield>
  <datafield tag="952" ind1=" " ind2=" ">
    <subfield code="0">0</subfield>
    <subfield code="1">0</subfield>
    <subfield code="2">ddc</subfield>
    <subfield code="4">0</subfield>
    <subfield code="7">0</subfield>
    <subfield code="a">LV</subfield>
    <subfield code="b">LV</subfield>
    <subfield code="c">Monograf&#xED;as</subfield>
    <subfield code="d">2016-05-18</subfield>
    <subfield code="l">0</subfield>
    <subfield code="o">759.972.86 H565co</subfield>
    <subfield code="p">000824</subfield>
    <subfield code="r">2016-05-18 00:00:00</subfield>
    <subfield code="w">2016-05-18</subfield>
    <subfield code="y">01</subfield>
  </datafield>
</record>
